Normal view
MARC view
- اساليب البحث العلمي في ميدان العلوم الادارية
Entry Topical Term
001 - CONTROL NUMBER
- control field: 29039
003 - CONTROL NUMBER IDENTIFIER
- control field: JO-AjAnu
005 - DATE AND TIME OF LATEST TRANSACTION
- control field: 20230606074920.0
008 - FIXED-LENGTH DATA ELEMENTS
- fixed length control field: 230606|| aca||aabn | a|a d
040 ## - CATALOGING SOURCE
- Original cataloging agency: JO-AjAnu
- Transcribing agency: JO-AjAnu
150 ## - HEADING--TOPICAL TERM
- Topical term or geographic name entry element: اساليب البحث العلمي في ميدان العلوم الادارية
670 ## - SOURCE DATA FOUND
- Source citation: Work cat.: (JO-AjAnu)14906: جودة،محفوظ, author 29038, اساليب البحث العلمي في ميدان العلوم الادارية=Scientific Research Method